Canada's Wonderland Trivia - Statistics

General Stats
  • This quiz has been taken 100 times
  • The average score is 10 of 15
Answer Stats
Hint Answer % Correct
Year Behemoth opened 2008
90%
Red Arrow Dynamics roller coaster that goes over Wonder Mountain Vortex
84%
Theme of the kiddie area Snoopy
79%
Company that owns the park Cedar Fair
72%
First inverting ride in the park Dragon Fire
72%
Name of the ride renamed from Tomb Raider Time Warp
70%
Tallest coaster at time of opening Mighty Canadian Minebuster
69%
City where the park is located Vaughan
64%
Ride that closed in 2014 SkyRider
63%
Height of Leviathan 306 feet (91 metres)
61%
Company that built The Bat Vekoma
58%
Area of the park where Orbiter is located Action Zone
55%
Ride in the above section that is the only one of its kind on Earth Sledge Hammer
55%
Thrill ride added in 2018 Lumberjack
48%
Date the park opened May 23rd 1981
39%
No matching quizzes found
Score Distribution
Percent of People with Each Score
Percentile by Number Answered
Your Score History
You have not taken this quiz